| 000 | 00727nac a22002291u 4500 | ||
|---|---|---|---|
| 003 | EG-ScBUE | ||
| 005 | 20221211112653.0 | ||
| 008 | 100610q2004 ko a f 000 0 eng d | ||
| 020 | _a8957700463 | ||
| 020 | _a8957700447 | ||
| 040 |
_aEG-ScBUE _beng _erda _cEG-ScBUE _dEG-ScBUE |
||
| 082 | 0 | 4 |
_a720.95195 _222 _bMAN |
| 100 | 1 |
_aKim, Hyoman, _d1955- _eauthor. |
|
| 245 | 1 | 0 |
_aModern architect / _cKim Hyo Man. |
| 264 | 1 |
_aSeoul, Korea : _bArchiworld, _c[2004?] |
|
| 300 |
_a211 pages : _billustrations (chiefly color) ; _c31 cm |
||
| 546 | _aText in Korean and English. | ||
| 650 | 7 |
_914690 _aArchitecture _zKorea (South) _y20th century. _2BUEsh |
|
| 653 | _bENGARC | ||
| 655 | _vReading book | ||
| 942 |
_cBB _k720.95195 MAN _2ddc |
||
| 999 |
_c3082 _d3082 |
||